| 000 | 01474nam a2200229Ia 4500 | ||
|---|---|---|---|
| 001 | 18021 | ||
| 003 | GE_BSU | ||
| 008 | 181216s||||||||xx |||||||||||||| ||und|| | ||
| 040 | _cGE_BSU | ||
| 080 | _a81.141:821 | ||
| 245 | _aმარქსისტული ენათმეცნიერებისათვის | ||
| 245 | _bაკადემიკოს ნიკო მარრი-სადმი მიძღვნილი საიუბილეო კრებული, მისი სამეცნიერო მოღვაწეობის ორმოცდახუთი წლის შესრულების გამო | ||
| 245 | _cსარედაქციო კოლეგია: მიხ. ჩიქოვანი, ალ. ღლონტი, მიხ. ჩხენკელი და სხვა | ||
| 260 | _aტფილისი | ||
| 260 | _bსახ.უნ-ტის გამ-ბა | ||
| 300 | _a333გვ. : პორტრ., და ილუსტრ. ; 26სმ. | ||
| 520 | _aდამატებითი თავფ. რუს.ენაზე. - შინაარსი ქართ., რუს. და ფრანგ. ენებზე. | ||
| 653 | _aმარრი ნიკო | ||
| 653 | _aმარქსისტული ენათმეცნიერება | ||
| 653 | _aმარქსისტული ენათმეცნიერებისათვის | ||
| 942 | _cBK | ||
| 999 |
_c51064 _d51064 |
||